|
|
|
|
| LEADER |
00954nam a2200277 a 4500 |
| 001 |
000375832 |
| 003 |
CZ BrMZK |
| 005 |
20061214070116.0 |
| 007 |
ta |
| 008 |
950101s1987 xo f slo d |
| 040 |
|
|
|a BOA001
|b cze
|
| 080 |
|
|
|a 331.45
|2 MRF
|
| 100 |
1 |
|
|a Jedlička, Karel
|7 jk01051418
|4 aut
|
| 245 |
1 |
0 |
|a Príručka bezpečnosti a ochrany zdravia pri práci /
|c Karel Jedlička
|
| 250 |
|
|
|a 1. vyd.
|
| 260 |
|
|
|a Bratislava :
|b Práca,
|c 1987
|
| 300 |
|
|
|a 421 s.
|
| 490 |
1 |
|
|a Knižnica bezpečnosti práce ;
|v zv. 3/87
|
| 504 |
|
|
|a Obsahuje bibliografii
|
| 830 |
|
0 |
|a Knižnica bezpečnosti práce
|
| 910 |
|
|
|a BOA001
|b 2-0925.321
|b TK-0234.778
|
| 920 |
|
|
|a 000224189
|
| 964 |
|
|
|a Práce - bezpečnost - příručky
|
| 990 |
|
|
|a BK
|
| 996 |
7 |
|
|b 2619708459
|c 2-0925.321
|l MZK
|r Sklad / do 1 hodiny
|n 1
|w 000375832
|u 000010
|a 1
|e BOA001
|j MZK50
|s A
|
| 996 |
7 |
|
|b 2629996365
|c TK-0234.778
|l MZK
|r Sklad / do 24 hodin
|n 0
|w 000375832
|u 000020
|a 1
|e BOA001
|j MZK50
|s A
|